000 003240000a22001450004500
003 MACL
040 _aMACL
090 _c32700
_d32698
100 _aJhabvala, Noshirvan H
245 _aThe Negotiable Instruments Act
260 _bC Jamanadas & Co
_c1999
350 _a60
650 _aEconomics
942 _cBOOK
_k332.76/JHA
999 _c32365
_d32365